El deseo y sus maquinas : en torno al sujeto nómada en Deleuze y Guattari (Registro nro. 208445)
[ vista simple ]
| 001 - NÚMERO DE CONTROL | |
|---|---|
| campo de control | 671964 |
| 005 - FECHA Y HORA DE LA ÚLTIMA TRANSACCIÓN | |
| campo de control | 20240305093502.0 |
| 008 - DATOS DE LONGITUD FIJA--INFORMACIÓN GENERAL | |
| campo de control de longitud fija | 010704e20001201 spa |
| 035 ## - NÚMERO DE CONTROL DEL SISTEMA | |
| Número de control de sistema | 671964 |
| 035 ## - NÚMERO DE CONTROL DEL SISTEMA | |
| Número de control de sistema | (OCoLC)819910186 |
| 040 ## - FUENTE DE LA CATALOGACIÓN | |
| Centro/agencia transcriptor | comduadb |
| 041 ## - CÓDIGO DE LENGUA | |
| Código de lengua del texto/banda sonora o título independiente | spa |
| 100 10 - ENTRADA PRINCIPAL--NOMBRE DE PERSONA | |
| Nombre de persona | Tudela Sancho, Antonio, |
| Fechas asociadas al nombre | 1969- |
| Código de función | aut |
| Término indicativo de función/relación | Autor/a |
| 9 (RLIN) | 507810 |
| 245 13 - MENCIÓN DE TÍTULO | |
| Título | El deseo y sus maquinas : en torno al sujeto nómada en Deleuze y Guattari |
| 650 #7 - PUNTO DE ACCESO ADICIONAL DE MATERIA--TÉRMINO DE MATERIA | |
| Término de materia o nombre geográfico como elemento de entrada | Deseo |
| Fuente del encabezamiento o término | embne |
| 9 (RLIN) | 57 |
| 650 ## - PUNTO DE ACCESO ADICIONAL DE MATERIA--TÉRMINO DE MATERIA | |
| Término de materia o nombre geográfico como elemento de entrada | Identidad (Filosofía) |
| 9 (RLIN) | 51778 |
| 650 ## - PUNTO DE ACCESO ADICIONAL DE MATERIA--TÉRMINO DE MATERIA | |
| Término de materia o nombre geográfico como elemento de entrada | Sujeto |
| 9 (RLIN) | 13419 |
| 650 ## - PUNTO DE ACCESO ADICIONAL DE MATERIA--TÉRMINO DE MATERIA | |
| Término de materia o nombre geográfico como elemento de entrada | Nomadismo |
| 9 (RLIN) | 62787 |
| 650 ## - PUNTO DE ACCESO ADICIONAL DE MATERIA--TÉRMINO DE MATERIA | |
| Término de materia o nombre geográfico como elemento de entrada | Inmanencia (Filosofia) |
| 9 (RLIN) | 31402 |
| 650 ## - PUNTO DE ACCESO ADICIONAL DE MATERIA--TÉRMINO DE MATERIA | |
| Término de materia o nombre geográfico como elemento de entrada | Deleuze, Gilles, 1925-1995 - Pensamiento filosófico |
| 9 (RLIN) | 36627 |
| 650 ## - PUNTO DE ACCESO ADICIONAL DE MATERIA--TÉRMINO DE MATERIA | |
| Término de materia o nombre geográfico como elemento de entrada | Guattari, Félix, 1930-1992 |
| 9 (RLIN) | 24350 |
| 773 0# - ENLACE AL DOCUMENTO FUENTE/ENTRADA DE REGISTRO ANFITRIÓN | |
| Título | Revista de Filosofía (Maracaibo) |
| Parte(s) relacionada(s) | Número 36, Septiembre-Diciembre de 2000, p. 47-73 |
| Número de control del registro | 173662 |
| Número Internacional Normalizado para Publicaciones Seriadas | 0798-1171 |
| Número bibliográfico anfitrión | 175522 |
| 942 ## - ELEMENTOS DE ENTRADA AGREGADA (KOHA) | |
| Tipo de ítem Koha | Artículo de Revista |
No hay ítems disponibles.